000 00416nam a2200181Ia 4500
001 11240
005 20260306161931.0
008 260306t2005||||xx |||||||||||||| ||spa||
041 _aESP
082 _a985.019
_bS67
100 _aSomeda, Hidefuji
_eAUT
245 0 _aEl imperio de los incas
260 _c2005
300 _a327 páginas :
_ccm.
650 _aGEN
654 _aCHU
942 _cLIB
_dJUS
_fJUS
_2ddc
_n
999 _c11240
_d11240